Bilecik Bilecik Bilecik Bilecik Bilecik

American civilization/ (Record no. 4738)

MARC details
000 -BAŞLIK
Sabit Uzunluktaki Kontrol Alanı 00959nam a22002897a 4500
001 - KONTROL NUMARASI
Control Dosyası 0004756
003 - KONTROL NUMARASI KİMLİĞİ
Kontrol Alanı KOHA_MİRAKIL
005 - EN SON İŞLEM TARİHİ ve ZAMANI
Kontrol Alanı 20260207001424.0
007 - FİZİKSEL TANIM SABİT ALAN - GENEL BİLGİ
Sabit uzunluklu kontrol alanı ta
008 - SABİT UZUNLUKTAKİ VERİ ÖGELERİ - GENEL BİLGİ
Sabit Alan 090506b1993 mau |||gr||||#0|||0|eng |
020 ## - ISBN - ULUSLARARASI STANDART KİTAP NUMARASI
Isbn 0631189084
040 ## - KATALOGLAMA KAYNAĞI
Özgün Kataloglama Kurumu TR-BiSEU
Kataloglama Dili tur
Çeviri Kurumu TR-BiSEU
Açıklama Kuralları rda
041 0# - DİL KODU
Metin ya da ses kaydının dil kodu eng
044 ## - YAYINLAYAN/ÜRETEN KURULUŞUN ÜLKE KODU
ISO country code mau
050 ## - SINIFLAMA ve YER NUMARASI
Sınıflama Numarası E169.1
Yer Numarası .J34 1993
100 1# - KİŞİ ADI
Yazar Adı (Kişi adı) James, C. L. R.
Fuller form of name (Cyril Lionel Robert).
245 1# - ESER ADI BİLDİRİMİ
Başlık American civilization/
Sorumluluk Bildirimi C. L. R. (Cyril Lionel Robert) James ; by C.L.R. James ; edited and introduced by Anna Grimshaw and Keith Hart with an afterword by Robert A. Hill.
264 #1 - ÜRERİM, YAYIN, DAĞITIM ve TELİF BİLDİRİMİ
Yayın yeri Cambridge, Mass. :
Yayınlayan Blackwell
Yayın tarihi 1993
300 ## - FİZİKSEL TANIMLAMA
Sayfa, Cilt vb. 385 sayfa: resimli
336 ## - İÇERİK TÜRÜ
Content type term metin
Content type code txt
Source rdacontent
337 ## - MEDYA TÜRÜ
Media type term aracısız
Media type code n
Source rdamedia
338 ## - TAŞIYICI TÜRÜ
Carrier type term cilt
Carrier type code nc
Source rdacarrier
500 ## - GENEL NOT
Genel Not Includes bibliographical references and index.
650 #0 - KONU BAŞLIĞI EK GİRİŞ - KONU TERİMİ
Konusal terim veya coğrafi ad United States--Civilization.
9 (RLIN) 11695
907 ## - LOCAL DATA ELEMENT G, LDG (RLIN)
a Tarih
942 ## - EK GİRİŞ ÖGELERİ (KOHA)
Source of classification or shelving scheme Library of Congress Classification
Koha item type Book
Holdings
Materyal Türü Kalıcı Konum Mevcut Konum Raf Yeri Sınıflandırma Kaynağı Edinim Bilgisi Ana Konular Alt Konular Yer Numarası Demirbaş Numarası Fatura Tarihi Maliyet, Alış Fiyatı Maliyet, Yenileme Fiyatı Geri Çekilme Durumu Kayıp Durumu Hasarlı Durumu Kredi için değil Kayıt Tarih Toplam Ödünçverme Son Görülme Tarihi Son Kontrol Tarihi Genel / Bağış Notu
Book Prof. Dr. Azmi Özcan Kütüphanesi Prof. Dr. Azmi Özcan Kütüphanesi Uluğbey Salonu Library of Congress Classification Bağış   Amerika ve Amerika Birleşik Devletleri (Genel) E169.1 .J34 1993 0004756 13/08/2010 4.00 4.00         06/05/2009   05/12/2024 05/12/2024 Genel Bağış